Los jardines interiores

Saved in:
Bibliographic Details
Main Author: Nervo, Amado (autor)
Format: Book
Language:Spanish
Published: Buenos Aires s.n 1915
Series:Biblioteca Obras Selectas, 8
Subjects:
Tags: Add Tag
No Tags, Be the first to tag this record!

MARC

LEADER 00000nam a2200000 a 4500
001 UCZ5763
003 CL-VaPUC
008 951124e19150000AG |||||||||||||||||spa|d
082 0 4 |a Me861  |b NER  |2 21 
100 |a Nervo, Amado  |e autor  |9 313721 
245 1 4 |a Los jardines interiores 
300 |a 121 p 
942 |c BK 
945 |d 19951124 00:00:00  |a lriquelm 
260 |a Buenos Aires  |b s.n  |c 1915 
650 7 |a POESIAS MEXICANAS  |2 CL-VaPUC  |9 314784 
650 0 |a Literatura mexicana  |9 313097 
583 |a last modification  |c 20130411 10:28:19  |k Rodrigo Vera 
490 0 |a Biblioteca Obras Selectas, 8 
999 |c 242052  |d 242050 
952 |0 0  |1 0  |4 0  |6 ME_861_000000000000000_NER_1915  |7 0  |8 P  |9 254752  |a BIBEDU  |b BIBEDU  |c BIBEDU_PB  |d 2019-11-19  |i 1576933  |o Me861 NER 1915  |p 1576933  |r 2024-01-25  |w 2019-11-19  |y BK  |k FIL